00246nam a2200085Ia 4500001000800000005001700008008004100025245007000066260002400136121146320250827024437.0250824s9999 xx 000 0 und d 0aGAZETECİLİKTE SON YAZILARIM 1cHÜSEYİN RAHMİ GÜRPINAR bÖZGÜR YAYINLARI